| 000 | 00807nam a2200253Ia 4500 | ||
|---|---|---|---|
| 003 | OSt | ||
| 005 | 20220927103614.0 | ||
| 006 | a|||||r|||| 00| 0 | ||
| 007 | ta | ||
| 008 | 220926b |||||||| |||| 00| 0 eng d | ||
| 024 | _a98389 | ||
| 037 | _cReference Collections | ||
| 040 |
_aRTL _cRTL _beng |
||
| 041 |
_2eng _aeng |
||
| 082 | _a"Y31:81.1.N6t, K9/UN" | ||
| 110 | _a"United Nations, Economic and Social Affairs (Deptt of-)" | ||
| 245 | 0 |
_aRural housing _b A review of world conditions |
|
| 260 |
_aNew _bYork UN _c1969 |
||
| 300 |
_a"vi, 186p" _ccm. |
||
| 650 |
_aCommunity Development _9360385 |
||
| 700 | _a"United Nations, Economic and Social Affairs (Deptt of-)" | ||
| 942 |
_h"Y31:81.1.N6t, K9/UN" _cCC |
||
| 999 |
_c684241 _d684241 |
||